000 00461nam a2200193Ia 4500
008 101110s9999 xx 000 0 und d
041 _aENGLISH
082 _bSR6933
_a341.47
100 _aKapoor N.D.
245 _aElements of Mercantile Law
365 _b15
520 _aCommerce
546 _aENGLISH
630 _aElements of Mercantile Law
650 _aCommerce
655 _aCommerce
730 _aElements of Mercantile Law
942 _cBOOK
999 _c802692
_d802689